[Event "24. Torneo Colllado Villalba"]
[Site "Collado Villalba ESP"]
[Date "2007.08.27"]
[Round "5.39"]
[White "Rodriguez Gomez, Vicente"]
[Black "Baeza Escudero, Javier"]
[Result "1-0"]
[WhiteElo "2148"]
[BlackElo "1895"]
[PlyCount "45"]
[EventDate "2007.08.23"]
[EventType "swiss"]
[EventRounds "9"]
[EventCountry "ESP"]
[Source "lmi"]
[SourceDate "2007.08.23"]

1. e4 c5 2. c3 Nf6 3. e5 Nd5 4. d4 cxd4 5. Nf3 Nc6 6. Bc4 Nb6 7. Bb3 d5 8. exd6
Qxd6 9. cxd4 Be6 10. Bxe6 Qxe6+ 11. Be3 Nd5 12. O-O Qd7 13. Nc3 e6 14. Rc1 Be7
15. Qe2 Bf6 16. Ne5 Nxc3 17. Rxc3 Bxe5 18. dxe5 O-O 19. Rd1 Qc7 20. Bc5 Rfd8
21. Bd6 Qa5 22. Rcd3 Qxa2 23. Ra3 1-0

[Event "24. Torneo Colllado Villalba"]
[Site "Collado Villalba ESP"]
[Date "2007.08.27"]
[Round "5.40"]
[White "Garcia Reino, Eduardo J"]
[Black "Martin Mesa, Jose Maria"]
[Result "1-0"]
[WhiteElo "1889"]
[BlackElo "2102"]
[PlyCount "51"]
[EventDate "2007.08.23"]
[EventType "swiss"]
[EventRounds "9"]
[EventCountry "ESP"]
[Source "lmi"]
[SourceDate "2007.08.23"]

1. e4 c6 2. d4 d5 3. exd5 cxd5 4. c3 Nf6 5. Bf4 Nc6 6. Bd3 e6 7. Nf3 Bd6 8.
Bxd6 Qxd6 9. Nbd2 O-O 10. O-O a6 11. Re1 b5 12. Ne5 Bb7 13. f4 Rac8 14. g4 Nd7
15. g5 Ndxe5 16. fxe5 Qe7 17. Bxh7+ Kxh7 18. Qh5+ Kg8 19. Re3 Nxe5 20. Rh3 f5
21. dxe5 Qc5+ 22. Kf1 Rfe8 23. g6 Kf8 24. Qh8+ Ke7 25. Qxg7+ Kd8 26. Qxb7 1-0

[Event "24. Torneo Colllado Villalba"]
[Site "Collado Villalba ESP"]
[Date "2007.08.27"]
[Round "5.41"]
[White "Sierra Bermejo, Gregorio"]
[Black "Quintero Torres, Pedro"]
[Result "0-1"]
[WhiteElo "1802"]
[BlackElo "2084"]
[PlyCount "70"]
[EventDate "2007.08.23"]
[EventType "swiss"]
[EventRounds "9"]
[EventCountry "ESP"]
[Source "lmi"]
[SourceDate "2007.08.23"]

1. c4 e5 2. Nc3 Nc6 3. Nf3 Nf6 4. e3 Bb4 5. Qc2 O-O 6. Nd5 a5 7. a3 Bc5 8. Qf5
d6 9. Nxf6+ Qxf6 10. Qxf6 gxf6 11. Bd3 f5 12. Bc2 e4 13. Ng5 Ne5 14. b3 h6 15.
Nh3 Be6 16. Nf4 c6 17. Bb2 Rfd8 18. h4 Kf8 19. Rd1 b5 20. cxb5 cxb5 21. d4 exd3
22. Nxd3 Nxd3+ 23. Rxd3 Rac8 24. Bd1 Ke7 25. O-O a4 26. Bg7 axb3 27. Bxb3 Bc4
28. Bxc4 bxc4 29. Rc3 d5 30. Bxh6 Rh8 31. Bg5+ f6 32. Bf4 Rxh4 33. g3 Rhh8 34.
Rb1 Ra8 35. Rb5 Rhc8 0-1

[Event "24. Torneo Colllado Villalba"]
[Site "Collado Villalba ESP"]
[Date "2007.08.27"]
[Round "5.42"]
[White "Rodrigo Yanguas, Maria"]
[Black "Aguado Rodriguez, Guillermo"]
[Result "1-0"]
[WhiteElo "1988"]
[BlackElo "1866"]
[PlyCount "73"]
[EventDate "2007.08.23"]
[EventType "swiss"]
[EventRounds "9"]
[EventCountry "ESP"]
[Source "lmi"]
[SourceDate "2007.08.23"]

1. e4 e5 2. Nf3 Nc6 3. Bb5 a6 4. Bxc6 dxc6 5. O-O Bg4 6. h3 h5 7. d3 Qf6 8.
Nbd2 Bc5 9. Re1 Ne7 10. Nb3 Bxf3 11. Qxf3 Qxf3 12. gxf3 Ba7 13. f4 Ng6 14. fxe5
Nxe5 15. Kg2 O-O-O 16. f4 Nd7 17. Be3 Bxe3 18. Rxe3 Rdg8 19. h4 Nf6 20. Nd4 Ng4
21. Ree1 c5 22. Nf5 Kd7 23. Ne3 Nxe3+ 24. Rxe3 Rh6 25. Rg3 Rb6 26. b3 g6 27.
Kf3 Rd6 28. Rg5 b6 29. Rag1 a5 30. Rxh5 gxh5 31. Rxg8 Rg6 32. Rxg6 fxg6 33. f5
gxf5 34. exf5 Ke7 35. Kf4 Kf6 36. a4 c6 37. c4 1-0

[Event "24. Torneo Colllado Villalba"]
[Site "Collado Villalba ESP"]
[Date "2007.08.27"]
[Round "5.45"]
[White "Collado Barbas, Alberto"]
[Black "Huguet Mainar, Sergio"]
[Result "1/2-1/2"]
[WhiteElo "1883"]
[BlackElo "2134"]
[PlyCount "38"]
[EventDate "2007.08.23"]
[EventType "swiss"]
[EventRounds "9"]
[EventCountry "ESP"]
[Source "lmi"]
[SourceDate "2007.08.23"]

1. d4 Nf6 2. Nf3 e6 3. Bg5 d5 4. e3 c5 5. c3 Nc6 6. Bd3 h6 7. Bh4 Bd6 8. Nbd2
e5 9. dxe5 Nxe5 10. Nxe5 Bxe5 11. Nf3 Qd6 12. Nxe5 Qxe5 13. Bxf6 gxf6 14. Bb5+
Ke7 15. Qd2 Rg8 16. g3 Be6 17. Bd3 Rad8 18. f4 Qh5 19. Be2 Qf5 1/2-1/2

[Event "24. Torneo Colllado Villalba"]
[Site "Collado Villalba ESP"]
[Date "2007.08.27"]
[Round "5.46"]
[White "Gonzalo Gonzalez, Francisco"]
[Black "Camarero Izquierdo, Juan Carlos"]
[Result "0-1"]
[WhiteElo "1878"]
[BlackElo "1981"]
[PlyCount "96"]
[EventDate "2007.08.23"]
[EventType "swiss"]
[EventRounds "9"]
[EventCountry "ESP"]
[Source "lmi"]
[SourceDate "2007.08.23"]

1. e4 c5 2. Bc4 e6 3. Nf3 a6 4. d3 Qc7 5. e5 Ne7 6. a4 Ng6 7. O-O Nxe5 8. Nxe5
Qxe5 9. f4 Qc7 10. f5 d5 11. Ba2 Bd6 12. Qh5 exf5 13. Re1+ Kf8 14. Bxd5 Nc6 15.
Nc3 Nd4 16. Qd1 Bxh2+ 17. Kh1 Be6 18. Bxb7 Rb8 19. Bxa6 Ra8 20. Nb5 Qg3 21. Re3
Qb8 22. Nxd4 cxd4 23. Rh3 Be5 24. Bc4 Bd7 25. b3 f4 26. Ba3+ Kg8 27. Rf3 Bg4
28. Rxf4 Bxf4 29. Qxg4 Qe5 30. Rf1 g5 31. Qh5 Qg7 32. Bxf7+ Qxf7 33. Qxf7+ Kxf7
34. g3 Rhe8 35. gxf4 g4 36. Rf2 h5 37. Bc5 g3 38. Rd2 h4 39. Kg2 Rad8 40. Kh3
Re3 41. a5 Rf3 42. Re2 Rf2 43. Re7+ Kf6 44. Re1 Kf5 45. Rh1 Kxf4 46. c3 Rh2+
47. Rxh2 gxh2 48. Kxh2 dxc3 0-1

[Event "24. Torneo Colllado Villalba"]
[Site "Collado Villalba ESP"]
[Date "2007.08.27"]
[Round "5.47"]
[White "Tevar Sanz, Gonzalo"]
[Black "Herrero Corada, Jose Ignacio"]
[Result "0-1"]
[WhiteElo "1877"]
[BlackElo "1942"]
[PlyCount "53"]
[EventDate "2007.08.23"]
[EventType "swiss"]
[EventRounds "9"]
[EventCountry "ESP"]
[Source "lmi"]
[SourceDate "2007.08.23"]

1. e4 c6 2. d4 d5 3. Nc3 dxe4 4. Nxe4 Nf6 5. Nxf6+ exf6 6. Nf3 Bd6 7. c3 O-O 8.
Bd3 Re8+ 9. Be3 Bg4 10. Qc2 h6 11. O-O-O Qa5 12. Qb3 b5 13. d5 b4 14. dxc6 bxc3
15. Bh7+ Kxh7 16. Rxd6 cxb2+ 17. Kxb2 Bxf3 18. gxf3 Qe5+ 19. Rd4 Nxc6 20. Qc2+
Kg8 21. Qxc6 Rab8+ 22. Ka1 Rec8 23. Qe4 Qc7 24. Qd3 Qa5 25. Rd1 f5 26. Rd5 Qa4
27. Qxf5 0-1

[Event "24. Torneo Colllado Villalba"]
[Site "Collado Villalba ESP"]
[Date "2007.08.27"]
[Round "5.48"]
[White "Marcos Herrero, Francisco"]
[Black "Minguez Greciano, Iluminada"]
[Result "0-1"]
[WhiteElo "1940"]
[BlackElo "1861"]
[PlyCount "58"]
[EventDate "2007.08.23"]
[EventType "swiss"]
[EventRounds "9"]
[EventCountry "ESP"]
[Source "lmi"]
[SourceDate "2007.08.23"]

1. e4 c6 2. c4 e6 3. d4 d5 4. Nc3 Bb4 5. cxd5 exd5 6. exd5 Qxd5 7. Nf3 Nf6 8.
Be2 O-O 9. O-O Qd6 10. Bg5 Re8 11. Ne5 Bxc3 12. bxc3 Ne4 13. Nc4 Qe6 14. Be3
Nxc3 15. Qc2 Nxe2+ 16. Qxe2 b6 17. Qc2 Qd5 18. Ne5 Bb7 19. Qb3 c5 20. Qxd5 Bxd5
21. Rfd1 c4 22. h3 f6 23. Ng4 Nc6 24. Bf4 Re4 25. Be3 Rd8 26. a4 f5 27. Bg5 Rd7
28. Ne3 f4 29. Nc2 h6 0-1

[Event "24. Torneo Colllado Villalba"]
[Site "Collado Villalba ESP"]
[Date "2007.08.27"]
[Round "5.49"]
[White "Cobelas Rodriguez, Pilar"]
[Black "Perez Ortego, Alberto"]
[Result "1-0"]
[WhiteElo "1925"]
[BlackElo "1615"]
[PlyCount "37"]
[EventDate "2007.08.23"]
[EventType "swiss"]
[EventRounds "9"]
[EventCountry "ESP"]
[Source "lmi"]
[SourceDate "2007.08.23"]

1. e4 e5 2. Nf3 Nf6 3. Nc3 d6 4. d4 exd4 5. Nxd4 Be7 6. Bd3 O-O 7. O-O Nbd7 8.
f4 Nc5 9. h3 Nxd3 10. cxd3 h6 11. Qf3 c6 12. Nb3 c5 13. Be3 Qd7 14. Rad1 Rb8
15. e5 Ne8 16. exd6 Bxd6 17. Nxc5 Qc6 18. N5e4 b6 19. Nf6+ 1-0

[Event "24. Torneo Colllado Villalba"]
[Site "Collado Villalba ESP"]
[Date "2007.08.27"]
[Round "5.50"]
[White "Tarin Casado, Francisco"]
[Black "Garcia-Sanchez Navarro-Prieto, Ma"]
[Result "1-0"]
[WhiteElo "1906"]
[BlackElo "1584"]
[PlyCount "83"]
[EventDate "2007.08.23"]
[EventType "swiss"]
[EventRounds "9"]
[EventCountry "ESP"]
[Source "lmi"]
[SourceDate "2007.08.23"]

1. e4 e5 2. Nf3 Nc6 3. d4 exd4 4. Nxd4 Bc5 5. Be3 Qf6 6. c3 Nxd4 7. Bxd4 Bxd4
8. Qxd4 Qg5 9. Nd2 d6 10. Nf3 Qh6 11. e5 Ne7 12. exd6 cxd6 13. Bb5+ Nc6 14.
Qe4+ Qe6 15. Qxe6+ fxe6 16. O-O-O Ke7 17. Nd4 Nxd4 18. Rxd4 a6 19. Bc4 b5 20.
Bb3 a5 21. Re1 a4 22. Bxe6 Bxe6 23. Rde4 Kd7 24. Rxe6 g6 25. Re7+ Kc6 26. f3
Rac8 27. R1e4 d5 28. Rh4 Rc7 29. Re6+ Kc5 30. Kd2 Rc6 31. Rxc6+ Kxc6 32. Rf4
Rd8 33. Rf7 h5 34. Rf6+ Rd6 35. Rxd6+ Kxd6 36. Ke3 Kc5 37. Kd3 b4 38. cxb4+
Kxb4 39. Kd4 g5 40. Kxd5 a3 41. bxa3+ Kxa3 42. Ke4 1-0

[Event "24. Torneo Colllado Villalba"]
[Site "Collado Villalba ESP"]
[Date "2007.08.27"]
[Round "5.53"]
[White "Greciano Raiskila, Miguel Cristia"]
[Black "Benito Alba, Eladio"]
[Result "1-0"]
[WhiteElo "1961"]
[BlackElo "1873"]
[PlyCount "63"]
[EventDate "2007.08.23"]
[EventType "swiss"]
[EventRounds "9"]
[EventCountry "ESP"]
[Source "lmi"]
[SourceDate "2007.08.23"]

1. d4 Nf6 2. c4 e6 3. Nf3 b6 4. Nc3 Bb7 5. e3 Bb4 6. Bd2 O-O 7. Bd3 d5 8. cxd5
exd5 9. O-O Nbd7 10. Rc1 Bxc3 11. Bxc3 Ne4 12. Qc2 Re8 13. Bb4 Rc8 14. Qa4 a5
15. Ba3 c6 16. b4 Ra8 17. Qb3 axb4 18. Bxb4 c5 19. dxc5 Ndxc5 20. Bxc5 Nxc5 21.
Rxc5 bxc5 22. Qxb7 Rxa2 23. Qb1 Qa8 24. Bxh7+ Kf8 25. Qb6 c4 26. Qd6+ Re7 27.
Nd4 Ra6 28. Qg3 Rh6 29. Bc2 Ra7 30. Nf5 Rg6 31. Qh3 Ra2 32. Qh8# 1-0

[Event "24. Torneo Colllado Villalba"]
[Site "Collado Villalba ESP"]
[Date "2007.08.27"]
[Round "5.54"]
[White "Duque Suarez, Leonardo"]
[Black "Sarabia Utrilla, Joaquin"]
[Result "1/2-1/2"]
[WhiteElo "1772"]
[BlackElo "1929"]
[PlyCount "85"]
[EventDate "2007.08.23"]
[EventType "swiss"]
[EventRounds "9"]
[EventCountry "ESP"]
[Source "lmi"]
[SourceDate "2007.08.23"]

1. e4 e5 2. Nf3 Nf6 3. Nxe5 Nxe4 4. Qe2 Qe7 5. Qxe4 d6 6. d4 dxe5 7. Qxe5 Qxe5+
8. dxe5 Bf5 9. c3 Nd7 10. Bf4 O-O-O 11. Nd2 Bc5 12. Nb3 Bb6 13. Nd4 Bg6 14.
O-O-O Rde8 15. Re1 Nc5 16. Bc4 Ne4 17. f3 Nf2 18. Rhf1 Bd3 19. Rxf2 Bxc4 20. b3
Ba6 21. Rd2 h6 22. Nc2 f6 23. e6 Re7 24. Nb4 Rhe8 25. Nxa6 bxa6 26. Rde2 g5 27.
Bd2 Bc5 28. f4 Bd6 29. fxg5 hxg5 30. g3 Be5 31. Bxg5 Bxc3 32. Bd2 Be5 33. Bb4
Rxe6 34. Kb1 Rh8 35. Bc3 Bxc3 36. Rxe6 Bxe1 37. Rxe1 Rxh2 38. Re6 Rf2 39. Rxa6
Rf3 40. Kc2 Kd7 41. g4 Rf4 42. Kd3 Rxg4 43. Rxf6 1/2-1/2

[Event "24. Torneo Colllado Villalba"]
[Site "Collado Villalba ESP"]
[Date "2007.08.28"]
[Round "6.1"]
[White "Gallardo Garcia, Andres"]
[Black "Guliev, Logman"]
[Result "1/2-1/2"]
[WhiteElo "2352"]
[BlackElo "2454"]
[PlyCount "56"]
[EventDate "2007.08.23"]
[EventType "swiss"]
[EventRounds "9"]
[EventCountry "ESP"]
[Source "lmi"]
[SourceDate "2007.08.23"]

1. e4 c5 2. Nf3 d6 3. Bb5+ Bd7 4. Bxd7+ Nxd7 5. O-O e6 6. Qe2 Ne7 7. c3 Ng6 8.
d4 cxd4 9. cxd4 Be7 10. Nc3 O-O 11. Be3 Nb6 12. d5 e5 13. a4 a6 14. a5 Nd7 15.
b4 f5 16. exf5 Rxf5 17. Ne4 Nf4 18. Bxf4 Rxf4 19. g3 Rf5 20. Nfd2 Nf6 21. Rfc1
Qd7 22. Nxf6+ Rxf6 23. Rc4 Raf8 24. Ne4 Rh6 25. Rac1 Bd8 26. R1c2 Qh3 27. f3
Qd7 28. Qd3 Qf7 1/2-1/2

[Event "24. Torneo Colllado Villalba"]
[Site "Collado Villalba ESP"]
[Date "2007.08.28"]
[Round "6.2"]
[White "Babaev, Rashad"]
[Black "Moreno Ruiz, Javier"]
[Result "1/2-1/2"]
[WhiteElo "2488"]
[BlackElo "2466"]
[PlyCount "30"]
[EventDate "2007.08.23"]
[EventType "swiss"]
[EventRounds "9"]
[EventCountry "ESP"]
[Source "lmi"]
[SourceDate "2007.08.23"]

1. e4 c5 2. Nf3 Nc6 3. d4 cxd4 4. Nxd4 g6 5. c4 Bg7 6. Be3 Nf6 7. Nc3 O-O 8.
Be2 d6 9. O-O Bd7 10. Qd2 Nxd4 11. Bxd4 Bc6 12. Bd3 a5 13. Rae1 a4 14. Nd5 Nd7
15. Bxg7 Kxg7 1/2-1/2

[Event "24. Torneo Colllado Villalba"]
[Site "Collado Villalba ESP"]
[Date "2007.08.28"]
[Round "6.5"]
[White "Lazarev, Vladimir"]
[Black "Mazzilli, Piero"]
[Result "1-0"]
[WhiteElo "2498"]
[BlackElo "2305"]
[PlyCount "95"]
[EventDate "2007.08.23"]
[EventType "swiss"]
[EventRounds "9"]
[EventCountry "ESP"]
[Source "lmi"]
[SourceDate "2007.08.23"]

1. c4 c6 2. e4 d5 3. cxd5 cxd5 4. exd5 Nf6 5. Nc3 Nxd5 6. Nf3 Nc6 7. Bc4 Nxc3
8. bxc3 e6 9. O-O Be7 10. d4 O-O 11. Bd3 b6 12. Qc2 g6 13. Bh6 Re8 14. h4 Bb7
15. h5 Kh8 16. hxg6 hxg6 17. Qd2 Bf6 18. Rfe1 Qd6 19. Ng5 Nd8 20. Ne4 Bxe4 21.
Rxe4 Nc6 22. Rae1 Ne7 23. Bf4 Qd8 24. Bb5 Rf8 25. Bh6 Rg8 26. R1e3 Kh7 27. Rh3
Rh8 28. Bg5+ Kg7 29. Bxf6+ Kxf6 30. Qf4+ Kg7 31. Qe5+ f6 32. Qxe6 Rxh3 33. Qxh3
Nf5 34. Re8 Qxe8 35. Bxe8 Rxe8 36. Qd3 Re7 37. c4 Rd7 38. d5 Nd6 39. c5 bxc5
40. Qa6 Nf7 41. Qc6 Rd6 42. Qxc5 a6 43. f3 f5 44. a4 f4 45. Kf2 g5 46. Ke2 Kf6
47. Kd3 Kg6 48. Kd4 1-0

[Event "24. Torneo Colllado Villalba"]
[Site "Collado Villalba ESP"]
[Date "2007.08.28"]
[Round "6.6"]
[White "Granero Roca, Antonio"]
[Black "Saldaño Dayer, Horacio"]
[Result "1/2-1/2"]
[WhiteElo "2348"]
[BlackElo "2451"]
[PlyCount "47"]
[EventDate "2007.08.23"]
[EventType "swiss"]
[EventRounds "9"]
[EventCountry "ESP"]
[Source "lmi"]
[SourceDate "2007.08.23"]

1. c4 e6 2. Nc3 d5 3. d4 Be7 4. Nf3 Nf6 5. Bg5 h6 6. Bxf6 Bxf6 7. e3 O-O 8. Rc1
a6 9. Qb3 dxc4 10. Bxc4 b5 11. Be2 Nd7 12. O-O c5 13. Ne4 c4 14. Nxf6+ Nxf6 15.
Qc2 Bb7 16. b3 cxb3 17. Qxb3 Qa5 18. a3 Rfc8 19. h3 Rc7 20. Rxc7 Qxc7 21. a4
Bxf3 22. Bxf3 Rb8 23. axb5 axb5 24. Qb4 1/2-1/2

[Event "24. Torneo Colllado Villalba"]
[Site "Collado Villalba ESP"]
[Date "2007.08.28"]
[Round "6.7"]
[White "Vazquez Igarza, Renier"]
[Black "Mena Corrochano, Alberto"]
[Result "0-1"]
[WhiteElo "2553"]
[BlackElo "2169"]
[PlyCount "96"]
[EventDate "2007.08.23"]
[EventType "swiss"]
[EventRounds "9"]
[EventCountry "ESP"]
[Source "lmi"]
[SourceDate "2007.08.23"]

1. Nf3 d5 2. d4 Nf6 3. c4 e6 4. Nc3 Be7 5. Bf4 O-O 6. e3 c5 7. dxc5 Bxc5 8.
cxd5 exd5 9. Be2 Nc6 10. O-O Be6 11. Rc1 Be7 12. Ne5 Rc8 13. Nxc6 Rxc6 14. Be5
Ne4 15. Qa4 Nxc3 16. Rxc3 Rxc3 17. Bxc3 a6 18. Qf4 Bd6 19. Qd4 f6 20. Bg4 Bxg4
21. Qxg4 Qc8 22. Qh5 Qe6 23. Bd4 Rc8 24. g3 Be5 25. Rd1 h6 26. Qg6 Bxd4 27.
Rxd4 Rc1+ 28. Kg2 Rc4 29. Rd2 Qe4+ 30. Qxe4 dxe4 31. Rd8+ Kh7 32. Rd7 Rb4 33.
b3 h5 34. h3 Kg6 35. g4 hxg4 36. hxg4 a5 37. Kg3 a4 38. Rd4 Rxd4 39. exd4 axb3
40. axb3 Kg5 41. d5 f5 42. f4+ Kf6 43. gxf5 Ke7 44. Kf2 Kd6 45. Ke2 Kxd5 46.
Ke3 b6 47. Ke2 Kd4 48. Kd2 e3+ 0-1

[Event "24. Torneo Colllado Villalba"]
[Site "Collado Villalba ESP"]
[Date "2007.08.28"]
[Round "6.8"]
[White "Pastor Alonso De Prado, Alberto"]
[Black "Barria Zuñiga, Daniel"]
[Result "0-1"]
[WhiteElo "2183"]
[BlackElo "2427"]
[PlyCount "88"]
[EventDate "2007.08.23"]
[EventType "swiss"]
[EventRounds "9"]
[EventCountry "ESP"]
[Source "lmi"]
[SourceDate "2007.08.23"]

1. e4 e6 2. d3 d5 3. Nd2 c5 4. Ngf3 Nc6 5. g3 g6 6. Bg2 Bg7 7. O-O Nge7 8. Re1
O-O 9. c3 Qc7 10. Qe2 e5 11. exd5 Nxd5 12. Nc4 Bf5 13. Ng5 Nce7 14. a4 Rad8 15.
Ne4 b6 16. h4 h5 17. Bg5 f6 18. Bd2 Bc8 19. a5 Nf5 20. axb6 axb6 21. Bf3 Be6
22. Ra6 Ra8 23. Rea1 Rxa6 24. Rxa6 Rd8 25. Qf1 Nfe7 26. Qa1 Nc8 27. Be2 Nde7
28. Ne3 Bf7 29. Be1 Nc6 30. Nc4 Kh8 31. Qc1 Qb7 32. Ra3 Qc7 33. Qe3 Bd5 34.
Ncd2 Qe7 35. Ra6 Kh7 36. Nf3 Bh6 37. Nxf6+ Qxf6 38. Ng5+ Bxg5 39. hxg5 Qf7 40.
b4 cxb4 41. c4 Be6 42. c5 Bd5 43. cxb6 Qb7 44. d4 exd4 0-1

[Event "24. Torneo Colllado Villalba"]
[Site "Collado Villalba ESP"]
[Date "2007.08.28"]
[Round "6.9"]
[White "Minzer, Claudio Javier"]
[Black "De Nacimiento Montaño, Angel"]
[Result "1-0"]
[WhiteElo "2410"]
[BlackElo "1999"]
[PlyCount "65"]
[EventDate "2007.08.23"]
[EventType "swiss"]
[EventRounds "9"]
[EventCountry "ESP"]
[Source "lmi"]
[SourceDate "2007.08.23"]

1. d4 g6 2. c4 Bg7 3. e4 c5 4. d5 d6 5. Bd3 Nf6 6. Nc3 e6 7. h3 exd5 8. cxd5
O-O 9. Nf3 Re8 10. O-O a6 11. a4 Nbd7 12. Re1 Nf8 13. Bf4 Nh5 14. Bg5 Qb6 15.
Qc2 h6 16. Be3 Qd8 17. a5 Qf6 18. e5 dxe5 19. Ne4 Qd8 20. Bxc5 Nd7 21. Ba3 Bf8
22. Bc4 Ndf6 23. Bxf8 Kxf8 24. Qd2 Kg7 25. Nc3 Qd6 26. Qe3 Qb4 27. b3 e4 28.
Nd2 Re5 29. Qd4 Qe7 30. d6 Qe8 31. Re3 Kf8 32. Ndxe4 Nxe4 33. Nxe4 1-0

[Event "24. Torneo Colllado Villalba"]
[Site "Collado Villalba ESP"]
[Date "2007.08.28"]
[Round "6.10"]
[White "Lorite Cruz, Francisco"]
[Black "Elissalt Cardenas, Hector"]
[Result "0-1"]
[WhiteElo "2159"]
[BlackElo "2329"]
[PlyCount "58"]
[EventDate "2007.08.23"]
[EventType "swiss"]
[EventRounds "9"]
[EventCountry "ESP"]
[Source "lmi"]
[SourceDate "2007.08.23"]

1. d4 e6 2. Nf3 f5 3. g3 Nf6 4. Bg2 d5 5. c4 c6 6. Nc3 Bd6 7. cxd5 exd5 8. Bf4
O-O 9. Bxd6 Qxd6 10. O-O Nbd7 11. e3 Ne4 12. Qc2 h6 13. Ne1 b6 14. Nd3 Ba6 15.
Rfd1 Bxd3 16. Qxd3 h5 17. Bxe4 fxe4 18. Qe2 Rf5 19. Rd2 Raf8 20. Rf1 Nf6 21.
Nd1 Ng4 22. Kg2 Rf3 23. Rc2 h4 24. Qe1 R8f6 25. h3 Nh6 26. Rg1 hxg3 27. fxg3
Nf5 28. Kh2 Rg6 29. Rcg2 Nh4 0-1

[Event "24. Torneo Colllado Villalba"]
[Site "Collado Villalba ESP"]
[Date "2007.08.28"]
[Round "6.11"]
[White "Coleto Calderon, Jose Antonio"]
[Black "Martinez Rodriguez, Pablo"]
[Result "1/2-1/2"]
[WhiteElo "2159"]
[BlackElo "2304"]
[PlyCount "57"]
[EventDate "2007.08.23"]
[EventType "swiss"]
[EventRounds "9"]
[EventCountry "ESP"]
[Source "lmi"]
[SourceDate "2007.08.23"]

1. d4 Nf6 2. Bg5 d5 3. Nf3 Ne4 4. Bf4 c5 5. e3 cxd4 6. exd4 Nc6 7. c3 g6 8.
Nbd2 Nf6 9. Bd3 Bg7 10. Ne5 Nh5 11. Nxc6 bxc6 12. Bg3 O-O 13. O-O Nxg3 14. hxg3
e5 15. dxe5 Bxe5 16. Nf3 Bf6 17. Qd2 Rb8 18. b4 Qd6 19. Rab1 Bd7 20. Rfd1 Rfd8
21. a4 c5 22. b5 Qf8 23. Qc1 Be6 24. Rd2 Qh6 25. c4 Bg4 26. Nh2 Be6 27. Nf3 Bg4
28. Nh2 Be6 29. Nf3 1/2-1/2

[Event "24. Torneo Colllado Villalba"]
[Site "Collado Villalba ESP"]
[Date "2007.08.28"]
[Round "6.12"]
[White "Solaesa Navalpotro, Luis Julio"]
[Black "Gordillo Lopez, Manuel"]
[Result "1-0"]
[WhiteElo "2291"]
[BlackElo "1991"]
[PlyCount "78"]
[EventDate "2007.08.23"]
[EventType "swiss"]
[EventRounds "9"]
[EventCountry "ESP"]
[Source "lmi"]
[SourceDate "2007.08.23"]

1. d4 e6 2. g3 d5 3. Bg2 c6 4. c4 Bd6 5. Qc2 f5 6. Nh3 Nf6 7. O-O O-O 8. Bf4 a5
9. Nd2 Ne4 10. Rac1 Na6 11. Nf3 Bxf4 12. Nxf4 Nb4 13. Qd1 g5 14. Nd3 Nxd3 15.
Qxd3 Bd7 16. Ne5 Nd6 17. Qb3 dxc4 18. Nxc4 Nxc4 19. Qxc4 Qb6 20. Qd3 Rf6 21.
Qd2 h6 22. Rc5 Be8 23. Qc3 Kg7 24. e4 Rd8 25. Re1 Bg6 26. d5 fxe4 27. dxc6 bxc6
28. Bxe4 Qb4 29. Bxg6 Qxc3 30. bxc3 Kxg6 31. Re2 Rc8 32. Rxa5 Rc7 33. Rc5 Kf7
34. a4 Ke7 35. Rce5 Ra7 36. R5e4 Ra5 37. Kg2 Rc5 38. R2e3 Kd6 39. h3 h5 1-0

[Event "24. Torneo Colllado Villalba"]
[Site "Collado Villalba ESP"]
[Date "2007.08.28"]
[Round "6.13"]
[White "Zanoletti Garcia, David"]
[Black "De La Fuente Gonzalez, Francisco"]
[Result "0-1"]
[WhiteElo "2009"]
[BlackElo "2230"]
[PlyCount "60"]
[EventDate "2007.08.23"]
[EventType "swiss"]
[EventRounds "9"]
[EventCountry "ESP"]
[Source "lmi"]
[SourceDate "2007.08.23"]

1. d4 d5 2. c4 c6 3. Nc3 Nf6 4. Nf3 dxc4 5. a4 Bf5 6. Ne5 e6 7. f3 Bb4 8. e4
Bxe4 9. fxe4 Nxe4 10. Bd2 Qxd4 11. Nxe4 Qxe4+ 12. Qe2 Bxd2+ 13. Kxd2 Qd5+ 14.
Kc2 Na6 15. Nxc4 O-O 16. Rd1 Qf5+ 17. Kb3 Rad8 18. h4 Qc5 19. Ka2 Qb4 20. b3 b5
21. axb5 cxb5 22. Na3 Nc5 23. Rh3 Ne4 24. Kb2 Rxd1 25. Qxd1 Nf2 26. Qc2 Nxh3
27. gxh3 a6 28. h5 Ra8 29. Nb1 h6 30. Be2 Qf4 0-1

[Event "24. Torneo Colllado Villalba"]
[Site "Collado Villalba ESP"]
[Date "2007.08.28"]
[Round "6.14"]
[White "Madina Yadarola, Martin"]
[Black "Alvarez Abejon, Amilcar"]
[Result "1-0"]
[WhiteElo "2344"]
[BlackElo "2064"]
[PlyCount "85"]
[EventDate "2007.08.23"]
[EventType "swiss"]
[EventRounds "9"]
[EventCountry "ESP"]
[Source "lmi"]
[SourceDate "2007.08.23"]

1. e4 e5 2. Nc3 Nc6 3. g3 Bc5 4. Bg2 Nf6 5. Nge2 d6 6. Na4 O-O 7. h3 Be6 8. O-O
a6 9. Nxc5 dxc5 10. Kh2 Ne8 11. b3 Qd7 12. d3 Nd6 13. Be3 b6 14. f4 f6 15. a4
a5 16. f5 Bf7 17. g4 Nd4 18. Nxd4 cxd4 19. Bd2 Qe7 20. Qf3 Be8 21. h4 c5 22. g5
Ra7 23. Qg3 Kh8 24. Bf3 Rc7 25. Rg1 Bc6 26. Rae1 Qe8 27. Rg2 Rg8 28. Reg1 Rc8
29. Qh3 Qd7 30. g6 h6 31. Qg4 Rgd8 32. Bxh6 gxh6 33. g7+ Kg8 34. Qg6 Nf7 35.
Bh5 Qe7 36. Qg4 Be8 37. Bg6 Ng5 38. hxg5 hxg5 39. Bxe8 Qxe8 40. Qh3 Qe7 41.
Qh8+ Kf7 42. Qh7 Rg8 43. Qg6# 1-0

[Event "24. Torneo Colllado Villalba"]
[Site "Collado Villalba ESP"]
[Date "2007.08.28"]
[Round "6.15"]
[White "Safranska, Anda"]
[Black "Lobato Lavin, Alvaro"]
[Result "1-0"]
[WhiteElo "2301"]
[BlackElo "2055"]
[PlyCount "67"]
[EventDate "2007.08.23"]
[EventType "swiss"]
[EventRounds "9"]
[EventCountry "ESP"]
[Source "lmi"]
[SourceDate "2007.08.23"]

1. e4 c5 2. d3 d6 3. g3 Nc6 4. Bg2 g6 5. f4 Bg7 6. Nf3 Nf6 7. O-O O-O 8. h3 Bd7
9. c3 Rb8 10. Be3 b5 11. a3 c4 12. Nbd2 cxd3 13. Qb1 Qc7 14. Qxd3 Na5 15. b4
Nc4 16. Nxc4 bxc4 17. Qc2 e5 18. Rad1 Bc6 19. fxe5 dxe5 20. Nd2 Qb7 21. a4 a6
22. g4 Qd7 23. Ra1 Qe6 24. Rf2 h6 25. Bf1 Qc8 26. Bxc4 Qb7 27. Raf1 Bxe4 28.
Nxe4 Qxe4 29. Qxe4 Nxe4 30. Rxf7 Rxf7 31. Bxf7+ Kh7 32. Rc1 Rf8 33. Bd5 Rf3 34.
Re1 1-0